Biblioteca

Cómo debemos usar el Antiguo Testamento (13) : (Registro nro. 52412)

Detalles MARC
000 -LÍDER
Campo fijo de descripción fija 00725aab a2200193 4500
001 - NÚMERO DE CONTROL
Campo de control 768714001
003 - IDENTIFICADOR DEL NÚMERO DE CONTROL
Campo de control CO-MdFUSB
005 - FECHA Y HORA DE LA ULTIMA TRANSACCIÓN
control field 20250820171329.0
008 - ELEMENTOS DE LONGITUD FIJA -- INFORMACIÓN GENERAL
Campo fijo de descripción fija -- Información general 250820t1999 ag ||||| |||| 00| 0 spa d
040 ## - FUENTE DE CATALOGACIÓN
Idioma de catalogación spa
Agencia que realiza la transcripción CO-MdFUSB
041 ## - CÓDIGO DE IDIOMA
Código de idioma para texto/pista de sonido o título separado spa
100 1# - ASIENTO PRINCIPAL--NOMBRE PERSONAL
Nombre personal Breneman, Mervin (1930-)
Término relacionador autor
245 10 - TÍTULO
Título Cómo debemos usar el Antiguo Testamento (13) :
Subtitulo el plan de Dios (1)
Mención de responsabilidad / Mervin Breneman
300 ## - DESCRIPCIÓN FÍSICA
Extensión Volumen 18, número 3 (julio - septiembre, 1999), páginas: 33-34
Dimensiones ; 27 cm
630 07 - PUNTO DE ACCESO ADICIONAL DE MATERIA - TÍTULO UNIFORME
Título uniforme Biblia.
Parte o sección de la obra Antiguo Testamento
Subdivisión de materia general Crítica, interpretación, etc.
773 0# - ASIENTO DE ITEM FUENTE
Título Iglesia y Misión
Biblionumber 49402
Itemnumber 59631
Parte(s) relacionada(s) / Volumen., número. (mes año), páginas Volumen 18, número 3 (julio - septiembre, 1999), páginas: 33-34
Enumeración y primera página páginas: 33
942 ## - TIPO DE MATERIAL (KOHA)
Tipo de Item KOHA Artículos de Revista
945 ## - INFORMACIÓN LOCAL DEL REGISTRO
Catalogador JTF-925

No hay ítems disponibles.

Biblioteca FUSBC | Teléfono: (57+4) 349 88 10 Ext. 141| WhatsApp (+57) 3005338115 
E-mail: biblioteca@unisbc.edu.co | Calle 76 87-14 Robledo Palenque, Medellín, Colombia

Con tecnología Koha